Sedi Giochi Olimpici invernali - Statistics

Statistiche generali
  • Questo quiz è stato fatto 62 volte
    35 dall'ultimo reset
  • Il punteggio medio è 10 su 25
Statistiche sulle risposte
Anno Sede % Corretto
2026 Milano-Cortina d'Ampezzo
100%
2022 Pechino
82%
2006 Torino
82%
1956 Cortina d'Ampezzo
70%
2014 Soči
67%
2010 Vancouver
64%
1952 Oslo
55%
2002 Salt Lake City
48%
1994 Lillehammer
45%
1924 Chamonix-Mont-Blanc
36%
1964 Innsbruck
36%
1976 Innsbruck
36%
1984 Sarajevo
36%
2018 Pyeongchang
33%
1992 Albertville
30%
1998 Nagano
30%
1988 Calgary
27%
1928 Sankt Moritz
24%
1948 Sankt Moritz
24%
1972 Sapporo
21%
1968 Grenoble
15%
1932 Lake Placid
15%
1980 Lake Placid
15%
1960 Squaw Valley
12%
1936 Garmisch-Partenkirchen
9%
Nessun quiz corrispondente trovato
Distribuzione punteggi
Percentuale di utenti per punteggio
Percentile per numero di risposta
I tuoi punteggi nel tempo
Non hai fatto questo quiz dall'ultimo reset